000 01139nam a2200313 i 4500
003 CO-BoRNBP
005 20230310122830.0
007 ta
008 221121s2022 ck ao er 000 0dspa d
020 _a9789585376380
040 _aCO-BoRNBP
_bspa
_erda
_cCO-BoRNBP
041 0 _aspa
082 0 4 _a155.937
_bN18r
_222
100 1 _aNaverán, Isabel de
_d1976-
_eautora
_9154
245 1 0 _aRitual de duelo
_ctexto de Isabel de Naverán
250 _aEdición especial
264 1 _aBogotá, Colombia
_bFundación Teatro Musical Latinoamericano
_c2022
300 _a169 páginas
_bilustraciones, fotografías en blanco y negro
_c22 cm
336 _atexto
_btxt
_2rdacontent
337 _asin mediación
_bn
_2rdamedia
338 _avolumen
_bnc
_2rdacarrier
490 0 _aPlan Nacional de Lectura y Escritura Leer es mi Cuento / Ministerio de Cultura
521 _aRecomendado para un público adulto
545 _aIncluye datos biográficos de la autora al inicio del texto
650 1 7 _aDuelo (Psicología)
_2LEMB
_9155
650 1 7 _aLuto
_xRelatos personales
_2LEMB
_9156
650 1 7 _aPérdida (Psicología)
_2LEMB
_9157
942 _2ddc
_cBK
999 _c9216
_d9216